Statistics for All Countries by Number of Borders on the World Map

Click here to take the quiz!

General Stats

  • This quiz has been taken 95 times
  • The average score is 59 of 196

Answers on the Map

Answers color-coded by a green-red scale on the quiz's map according to % correct below.
 

Answer Stats

CountryLand BordersLand and Maritime BordersContinent% Correct
China1421Asia
100%
Russia1419Asia/Europe
100%
Brazil1010South America
94%
Democratic Republic of the Congo99Africa
94%
Germany911Europe
94%
Turkey811Asia/Europe
94%
Austria88Europe
91%
France1131Europe
91%
Serbia88Europe
89%
Tanzania810Africa
83%
Zambia88Africa
74%
Poland79Europe
71%
Saudi Arabia712Asia
71%
Iran713Asia
69%
Hungary77Europe
66%
Afghanistan66Asia
60%
Burkina Faso66Africa
60%
Colombia510South America
60%
India610Asia
60%
Italy615Europe
60%
Mali77Africa
60%
Niger77Africa
60%
South Africa66Africa
60%
Ukraine78Europe
60%
Algeria68Africa
57%
Central African Republic66Africa
57%
Chad66Africa
57%
Mozambique69Africa
57%
Sudan78Africa
57%
Cameroon66Africa
54%
Ethiopia66Africa
54%
Iraq66Asia
54%
Libya69Africa
54%
South Sudan66Africa
54%
Spain57Europe
54%
Argentina56South America
51%
Azerbaijan57Asia
51%
Croatia56Europe
51%
Guinea66Africa
51%
Kazakhstan56Asia
46%
Romania56Europe
46%
Belarus55Europe
43%
Bolivia55South America
40%
Bulgaria55Europe
40%
Montenegro56Europe
40%
Senegal56Africa
40%
Slovakia55Europe
40%
Greece48Europe
37%
Kenya55Africa
37%
North Macedonia55Europe
37%
Peru55South America
37%
Switzerland55Europe
37%
Albania45Europe
34%
Côte d'Ivoire55Africa
34%
Myanmar55Asia
34%
Syria56Asia
34%
Uganda55Africa
34%
Belgium45Europe
31%
Laos55Asia
31%
Nigeria46Africa
31%
Republic of the Congo55Africa
31%
Uzbekistan55Asia
31%
Canada13North America
29%
Denmark15Europe
29%
Ireland11Europe
29%
Monaco11Europe
29%
Papua New Guinea14Oceania
29%
Portugal12Europe
29%
San Marino11Europe
29%
South Korea13Asia
29%
Sweden29Europe
29%
Thailand47Asia
29%
Vatican City11Europe
29%
Angola44Africa
26%
Latvia45Europe
26%
Lithuania45Europe
26%
United States218North America
26%
Czech Republic44Europe
23%
Iceland02Europe
23%
Israel45Asia
23%
Lesotho11Africa
23%
Malta03Europe
23%
Nicaragua26North America
23%
Pakistan45Asia
23%
Qatar14Asia
23%
Slovenia44Europe
23%
Tuvalu03Oceania
23%
United Kingdom221Europe
23%
Armenia44Asia
20%
Bahamas04North America
20%
Bosnia and Herzegovina33Europe
20%
Botswana44Africa
20%
Brunei15Asia
20%
Costa Rica24North America
20%
Dominican Republic16North America
20%
Federated States of Micronesia04Oceania
20%
Finland34Europe
20%
Gambia12Africa
20%
Haiti17North America
20%
Japan07Asia
20%
Jordan45Asia
20%
Kiribati06Oceania
20%
Marshall Islands04Oceania
20%
Namibia44Africa
20%
Nauru02Oceania
20%
New Zealand07Oceania
20%
Norway36Europe
20%
Samoa04Oceania
20%
Singapore02Asia
20%
Sri Lanka02Asia
20%
Turkmenistan45Asia
20%
Vanuatu03Oceania
20%
Yemen25Asia
20%
Andorra22Europe
17%
Antigua and Barbuda03North America
17%
Australia06Oceania
17%
Bahrain03Asia
17%
Belize23North America
17%
Cape Verde03Africa
17%
Cuba07North America
17%
Cyprus07Asia
17%
Dominica02North America
17%
Ecuador23South America
17%
Egypt38Africa
17%
El Salvador23North America
17%
Estonia24Europe
17%
Gabon34Africa
17%
Georgia44Asia
17%
Ghana33Africa
17%
Grenada03North America
17%
Guatemala44North America
17%
Jamaica07North America
17%
Kosovo44Europe
17%
Liechtenstein22Europe
17%
Luxembourg33Europe
17%
Maldives03Asia
17%
Mauritania34Africa
17%
Mauritius03Africa
17%
Moldova22Europe
17%
Morocco34Africa
17%
Netherlands38Europe
17%
Oman35Asia
17%
Palau04Oceania
17%
Panama23North America
17%
Philippines08Asia
17%
Saint Lucia04North America
17%
São Tomé and Príncipe03Africa
17%
Somalia34Africa
17%
Uruguay22South America
17%
Venezuela315South America
17%
Zimbabwe44Africa
17%
Bangladesh22Asia
14%
Barbados06North America
14%
Benin44Africa
14%
Burundi33Africa
14%
Cambodia33Asia
14%
Chile33South America
14%
Comoros05Africa
14%
East Timor12Asia
14%
Eswatini22Africa
14%
Fiji06Oceania
14%
Guyana35South America
14%
Honduras38North America
14%
Indonesia312Asia
14%
Kuwait23Asia
14%
Kyrgyzstan44Asia
14%
Lebanon23Asia
14%
Malawi33Africa
14%
Malaysia38Asia
14%
Mexico35North America
14%
Nepal22Asia
14%
North Korea33Asia
14%
Paraguay33South America
14%
Rwanda44Africa
14%
Saint Kitts and Nevis05North America
14%
Saint Vincent and the Grenadines05North America
14%
Seychelles05Africa
14%
Solomon Islands05Oceania
14%
Suriname33South America
14%
Taiwan07Asia
14%
Tajikistan44Asia
14%
Tonga05Oceania
14%
Tunisia24Africa
14%
United Arab Emirates24Asia
14%
Vietnam39Asia
14%
Bhutan22Asia
11%
Djibouti34Africa
11%
Eritrea35Africa
11%
Liberia33Africa
11%
Madagascar05Africa
11%
Mongolia22Asia
11%
Togo33Africa
11%
Trinidad and Tobago05North America
11%
Equatorial Guinea24Africa
9%
Guinea-Bissau22Africa
9%
Sierra Leone22Africa
9%

Score Distribution

Percentile by Number Answered

Percent of People with Each Score

Your Score History

You have not taken this quiz